000 00529nam a22001577a 4500
020 _a9788123915425
050 _aTP248.2
_b.038 2008
100 _aEllyn Daugherty
245 _aBiotechnology
_bScience for the New Millennium
250 _b1st Indian Reprint
260 _aNew Delhi, India
_bSatish Kumar Jain for CBS Publishers and Distributors
_c2008
300 _av-xii,420p
500 _aincludes index, illustrations, tables
650 _bBiotechnology, Plant biotechnology, Agricultural biotechnology
_vBook
_xPB
942 _cGEN
999 _c542
_d542